Dictionary of idioms and phrases / (Record no. 199322)

MARC details
000 -LEADER
fixed length control field 00903nam a22002297a 4500
005 - DATE AND TIME OF LATEST TRANSACTION
control field 20240321121207.0
008 - FIXED-LENGTH DATA ELEMENTS--GENERAL INFORMATION
fixed length control field 110803t xxu||||| |||| 00| 0 eng d
010 ## - LCCN (DPL NO)
LC control number B-756061-066 ENG-139855
020 ## - INTERNATIONAL STANDARD BOOK NUMBER
International Standard Book Number 9788183822558
Terms of availability 295.00
035 ## - SYSTEM CONTROL NUMBER
System control number B-756061-066
035 ## - SYSTEM CONTROL NUMBER
System control number EN-123387
037 ## - SOURCE OF ACQUISITION
Source of stock number/acquisition Lotus Press
040 ## - CATALOGING SOURCE
Language of cataloging English
082 ## - DEWEY DECIMAL CLASSIFICATION NUMBER
Classification number 483.103
100 ## - MAIN ENTRY--PERSONAL NAME
9 (RLIN) 29868
Personal name Gupta, Shabnam
245 ## - TITLE STATEMENT
Title Dictionary of idioms and phrases /
Statement of responsibility, etc Shabnam Gupta
260 ## - PUBLICATION, DISTRIBUTION, ETC. (IMPRINT)
Place of publication, distribution, etc New Delhi
Name of publisher, distributor, etc Lotus Press
Date of publication, distribution, etc 2023
270 ## - ADDRESS
Address 4735/22,, Ansari Road, Darya Ganj
City New Delhi
Postal code 110002
Electronic mail address lotus_press@sify.com
300 ## - PHYSICAL DESCRIPTION
Extent 255p. :
Dimensions 22cm (pbk)
Other physical details ill.
942 ## - ADDED ENTRY ELEMENTS (KOHA)
Source of classification or shelving scheme Dewey Decimal Classification
Item type English Books
Call number suffix GUP
Classification part 483.103
Holdings
Withdrawn status Lost status Source of classification or shelving scheme Damaged status Not for loan Collection code Home library Current library Date acquired Source of acquisition Cost, normal purchase price Total Checkouts Total Renewals Full call number Barcode Date last seen Copy number Cost, replacement price Koha item type
    Dewey Decimal Classification     Non-fiction Ashok Vihar Ashok Vihar 13/12/2023 Lotus Press/198/27.12.23/41/23.11.23/1.12.23 295.00 2   GUP 483.103 B-756062 20/11/2024 2 295.00 English Books
    Dewey Decimal Classification     Non-fiction Bawana Bawana 13/12/2023 Lotus Press/198/27.12.23/41/23.11.23/1.12.23 295.00 1   GUP 483.103 B-756065 12/06/2025 5 295.00 English Books
    Dewey Decimal Classification     Non-fiction Bawana Bawana 21/03/2024 DBAD/PUB 295.00     483.103 GUP EN-123387 21/03/2024 1 295.00 English Books
    Dewey Decimal Classification     Non-fiction Central Library Central Library 13/12/2023 Lotus Press/198/27.12.23/41/23.11.23/1.12.23 295.00 5 7 GUP 483.103 B-756061 25/10/2025 1 295.00 English Books
    Dewey Decimal Classification     Non-fiction Sarojini Nagar Sarojini Nagar 13/12/2023 Lotus Press/198/27.12.23/41/23.11.23/1.12.23 295.00 1   GUP 483.103 B-756064 29/01/2024 4 295.00 English Books
    Dewey Decimal Classification     Non-fiction Shahdara Branch Shahdara Branch 13/12/2023 Lotus Press/198/27.12.23/41/23.11.23/1.12.23 295.00 1   GUP 483.103 B-756066 23/02/2024 6 295.00 English Books
    Dewey Decimal Classification     Non-fiction Tri Nagar Tri Nagar 13/12/2023 Lotus Press/198/27.12.23/41/23.11.23/1.12.23 295.00 2 2 GUP 483.103 B-756063 26/03/2025 3 295.00 English Books

© Delhi Public Library
Hit Counter
free hit counter